MARC

LEADER 00000nam0a2200000 4500
001 169574
005 20231031163454.0
035 |a (RuTPU)RU\TPU\book\183935 
090 |a 169574 
100 |a 20091114d1974 k y0rusy50 ca 
101 0 |a rus 
102 |a RU 
105 |a a z 001zy 
200 1 |a Методы измерения характеристик термоэлектрических материалов и преобразователей  |f А. С. Охотин [и др.]  |g Академия наук СССР (АН СССР), Институт высоких температур (ИВТ) 
210 |a Москва  |c Наука  |d 1974 
215 |a 167 с.  |c ил. 
320 |a Библиогр.: с. 159-166. 
610 1 |a термоэлектрические материалы 
610 1 |a теория 
610 1 |a состояние 
610 1 |a измерения 
610 1 |a удельное сопротивление 
610 1 |a теплофизические свойства 
610 1 |a термоэлектрические преобразователи 
675 |a 621.36  |v 3 
701 1 |a Охотин  |b А. С. 
701 1 |a Пушкарский  |b А. С. 
701 1 |a Боровикова  |b Р. П. 
701 1 |a Симонов  |b В. А. 
712 0 2 |a Академия наук СССР (АН СССР)  |b Институт высоких температур (ИВТ)  |c (Москва)  |2 stltpush  |3 (RuTPU)RU\TPU\col\12055 
801 1 |a RU  |b 63413507  |c 20091114 
801 2 |a RU  |b 63413507  |c 20151023  |g RCR 
942 |c BK